LEADER 01065nam2-2200361---450- 001 990003229110203316 005 20091110092126.0 010 $a7204-2239-6 035 $a000322911 035 $aUSA01000322911 035 $a(ALEPH)000322911USA01 035 $a000322911 100 $a20090427d1971----km-y0itay50------ba 101 $aeng 102 $aNL 105 $a||||||||001yy 200 1 $aIntuitionism$ean introduction$fA. Heyting 210 $aAmsterdam$cNorth-Holland$d1971 215 $aVIII, 145 p.$cill.$d23 cm 225 2 $aStudies in logic and the foundations of mathematics$v20 410 1$1001000334586$12001$aStudies in logic and the foundations of mathematics$v20 606 0 $aAlgebra 676 $a512 700 1$aHEYTING,$bA.$0442160 801 0$aIT$bsalbc$gISBD 912 $a990003229110203316 951 $a510 SL 20$b4983/CBS$c510$d00218715 959 $aBK 969 $aSCI 979 $aRSIAV7$b90$c20090427$lUSA01$h1312 979 $aRSIAV7$b90$c20091110$lUSA01$h0921 996 $aIntuitionism$9921387 997 $aUNISA LEADER 01439nam a2200301 i 4500 001 991000399309707536 005 20020503180053.0 008 010424s it ita 020 $a8881492016 035 $ab10071842-39ule_inst 035 $aLE02515306$9ExL 040 $aFac. Economia$bita 082 0 $a338.47910688 100 1 $aMereu, Carmelo$0460387 245 10$aAree turistiche :$bcomunicazione e marketing :$bl'offerta e la domanda turistica, le ricerche di mercato, la pianificazione e la programmazione, le organizzazioni per il marketing, il piano di comunicazione, gli strumenti di comunicazione e di marketing, la verifica dei risultati, gli eventi /$cCarmelo Mereu 246 10$acOMUNICAZIONE E MARKETING :$baree turistiche 260 $aNapoli :$bFinanze & Lavoro,$cstampa 2000 300 $a168 p. ;$c26 cm 490 0 $aTurismo e strutture ricettive ;$v349 500 $aIn cop.: Guido Amadesi 650 4$aTurismo$xMarketing 907 $a.b10071842$b17-09-18$c27-06-02 912 $a991000399309707536 945 $aLE025 ECO 338.4 MER01.01$g1$i2025000074804$lle025$nCatalogato 2018$o-$pE0.00$q-$rl$s- $t0$u32$v16$w32$x0$y.i10080983$z27-06-02 945 $aLE025 ECO 338.4 MER01.01$g2$i2025000074811$lle025$nCatalogato 2018$o-$pE0.00$q-$rl$s- $t0$u16$v11$w16$x0$y.i10080995$z27-06-02 996 $aAree turistiche$9194987 997 $aUNISALENTO 998 $ale025$b01-01-01$cm$da $e-$fita$git $h0$i2